000 00449nam a2200157 i 4500
001 99613
003 ES-MaACL
005 20230906182527.0
007 t|
008 050913s1973 sp ||||1| spa d
100 1 _aMartínez Burgos, César.
_977902
245 1 4 _aLas drogas ante la ley /
_cCésar Martínez Burgos.
260 _aLeón :
_b[s.n.],
_c1973 (
_fImp. Casado)
300 _a4 h., 138 p. ;
_c22 cm.
852 _aES-MaACL
_jC-54867
_bR.87555
999 _c99613
_d99613